| 000 | 00750nam a2200229 a 4500 | ||
|---|---|---|---|
| 001 | 13637 | ||
| 003 | BD-JhCC | ||
| 005 | 20240312125041.0 | ||
| 008 | 240312b 2024bg |||| ||a| 000 0 b d | ||
| 020 | _a984701540141X | ||
| 035 | _a(BD-JhCC)13637 | ||
| 040 |
_aBD-JhCC _dBD-JhCC |
||
| 041 | _aBengali | ||
| 082 |
_a891.4415 _bCHA 2024 |
||
| 100 | _a চট্টোপাধ্যায়, বঙ্কিমচন্দ্র | ||
| 245 |
_aদেবীচৌধুরানী / _b বঙ্কিমচন্দ্র চট্টোপাধ্যায় |
||
| 260 |
_aঢাকা: _bজয় প্রকাশন; _c2024. |
||
| 300 |
_a111 p. : _c22 cm. |
||
| 650 | _aবাংলা নাটক | ||
| 942 |
_2ddc _cBK |
||
| 999 |
_c13637 _d13637 |
||